| 000 | 01056cam a2200301 a 4500 | ||
|---|---|---|---|
| 999 |
_c9844 _d9844 |
||
| 001 | 688291 | ||
| 003 | OSt | ||
| 005 | 20210204161213.0 | ||
| 008 | 960102s1996 ilu b 010 0deng | ||
| 010 | _a 96000008 | ||
| 020 | _a0830818707 (paper : alk. paper) | ||
| 040 |
_aDLC _cDLC _dDLC |
||
| 050 | 0 | 0 |
_aBR50 _bP119D |
| 082 | 0 | 0 |
_a230 _220 _bP119D |
| 245 | 0 | 0 |
_aDoing theology for the people of God : _bstudies in honor of J.I. Packer / _cedited by Donald Lewis & Alister McGrath. |
| 260 |
_aDowners Grove, Ill. : _bInterVarsity Press, _cc1996. |
||
| 300 |
_axv, 280 p. ; _c23 cm. |
||
| 504 | _aIncludes bibliographical references (p. [263]-280). | ||
| 600 | 1 | 0 |
_aPacker, J. I. _q(James Innell) |
| 650 | 0 | _aTheology. | |
| 650 | 0 | _aEvangelicalism. | |
| 700 | 1 | _aLewis, Donald M. | |
| 700 | 1 |
_aMcGrath, Alister E., _d1953- |
|
| 700 | 1 |
_aPacker, J. I. _q(James Innell) |
|
| 906 |
_a7 _bcbc _corignew _d1 _eocip _f19 _gy-gencatlg |
||
| 942 |
_2ddc _cBK |
||